ბათუმის შოთა რუსთაველის სახელმწიფო უნივერსიტეტის ბიბლიოთეკა

აწმყოს ძალა = The Power of Now / (ბიბ.ჩანაწერი № 62423)

000 -ლიდერი
ფიქსირებული სიგრძის საკონტროლო ველი 01574nam a22002537a 4500
003 - საკონტროლო ნომრის იდენტიფიკატორი
საკონტროლო ველი Ge_BSU
005 - ბოლო ოპერაციის თარიღი და დრო
საკონტროლო ველი 20241030142905.0
008 - ფიქსირებული სიგრძის მონაცემთა ელემენტები - ზოგადი ინფორმაცია
ფიქსირებული სიგრძის საკონტროლო ველი 241030s2022 ge ||||| |||| 00| 0 geo d
020 ## - წიგნის საერთაშორისო სტანდარტული ნომერი
International Standard Book Number 9789941353345
041 ## - ენის კოდი
Language code of text/sound track or separate title geo
080 ## - უნივერსალური ათობითი კლასიფიკაციის ინდექსი
Universal Decimal Classification number 159.964.2 :1(430) : 2-584 ტ-67
100 ## - მთავარი ჩანაწერი - პიროვნების სახელი
Personal name ტოლე, ეკჰარტ
9 (RLIN) 23551
245 ## - ცნობა სათაურის შესახებ
Title აწმყოს ძალა = The Power of Now /
Statement of responsibility, etc ეკჰარტ ტოლე; ინგლისურიდან თარგმნა ხათუნა ბასილაშვილმა; სარედაქციო ჯგუფი: თეა ბარამაშვილი, სალომე საბანაძე, თამარ არათანაშვილი [და სხვა] ; წინასიტყვაობა ნინო ბერუაშვილი
264 ## - წარმოების, გამოცემის, დისტრიბუციის და სხვა ცნობები
გამოცემის, წარმოების, დისტრიბუციის... ადგილი თბილისი :
გამოცემის, წარმოების, დისტრიბუციის... სახელწოდება პალიტრა L,
გამოცემის, წარმოების, დისტრიბუციის... თარიღი 2022.
300 ## - ფიზიკური აღწერა
Extent 268 გვ. ;
Other physical details 21 სმ.
653 ## - INDEX TERM--UNCONTROLLED
Uncontrolled term სულიერი ცხოვრება
653 ## - INDEX TERM--UNCONTROLLED
Uncontrolled term ცნობიერი
653 ## - INDEX TERM--UNCONTROLLED
Uncontrolled term გერმანული ფილოსოფია
700 ## - ADDED ENTRY--PERSONAL NAME
Personal name ბასილაშვილი, ხათუნა
Relator term მთარგმნელი
9 (RLIN) 7737
700 ## - ADDED ENTRY--PERSONAL NAME
Personal name ბარამაშვილი, თეა
Relator term რედაქტორი
9 (RLIN) 23552
700 ## - ADDED ENTRY--PERSONAL NAME
Personal name საბანაძე, სალომე
Relator term რედაქტორი
9 (RLIN) 22097
700 ## - ADDED ENTRY--PERSONAL NAME
Personal name არათანაშვილი, თამარ და სხვ.
Relator term რედაქტორი
9 (RLIN) 23553
942 ## - ADDED ENTRY ELEMENTS (KOHA)
Source of classification or shelving scheme
Koha item type წიგნი
ეგზემპლარები
ჩამოწერის სტატუსი დაკარგული ეგზემპლარის სტატუსი კლასიფიკაციის წყარო ან თაროზე გაწყობის სქემა დაზიანების სტატუსი არ გაიცემა მუდმივი მდებარეობა (დაცვის ადგილი) ამჟამინდელი ადგილსამყოფელი თაროზე განთავსების ადგილი შეძენის თარიღი ღირებულება, შესყიდვის ნორმალური ფასი სრული შენახვის შიფრი შტრიხკოდი ბოლო ოპერაციის თარიღი ეგზემპლარის მიმდევრობითი ნომერი (კეტერი?) ფასის ძალაში შესვლის თარიღი ეგზემპლარის სახეობა საჯარო შენიშვნა
          ბათუმის შოთა რუსთაველის სახელმწიფო უნივერსიტეტის მთავარი ბიბლიოთეკა ბათუმის შოთა რუსთაველის სახელმწიფო უნივერსიტეტის მთავარი ბიბლიოთეკა წიგნსაცავი 2024-10-30 16.95 159.964.2 :1(430) : 2-584 ტ-67 69548 2024-10-30 69548 2024-10-30 წიგნი 16 ლ. 95 თ.